000 00598nam a22002297a 4500
003 UA-OsUOA
001 93852
007 ta
008 20130129b un ||||| |||| 00| 0 ukr d
100 _aБээкман Э.
090 _a821.17
_bБ97
942 _cBK
040 _aUA-OsUOA
_brus
_cUA-OsUOA
_dUA-OsUOA
245 _aВозможность выбора
_bроманы
300 _a608 с.
955 _a3
041 _arus
080 _a821.17
260 _aМ.
_bИзвестия
_c1990
650 7 _a82 Література. Літературознавство
_2UDC
999 _c380082
_d380082